LEADER 01560nam a2200265 4500 001 000000360535 003 CaOOAMICUS 005 20241031121149.0 008 241031s2003 it a 000 u ita r 020 $a88-8290-588-8 040 $aSeMil$bita 245 03$aLa sapienza degli angeli :$bNonantola e gli scriptoria padani nel Medioevo : Nonantola, Museo benedettino Nonantolano e Diocesano d'arte sacra, 5 aprile 2003 - 20 giugno 2003 /$ca cura di Giuseppa Z. Zanichelli e Mariapia Branchi ; saggio di Giuseppa Z. Zanichelli ; schede di Mariapia Branchi ... [et al.]. 264 1$aModena :$bFranco Cosimo Panini,$c2003. 300 $a207 p. :$briccamente ill. ;$c32 cm 650 4$aManoscritti miniati - Italia settentrionale - Sec. 7.-12.$0(OLS)http://semarc/subject/56573 650 4$aNonantola - Abbazia di Nonantola - Storia.$0(OLS)http://semarc/subject/5331 700 1 $aBranchi, Mariapia.$0(OLS)http://semarc/name/45238 700 1 $aZanichelli, Giuseppa Z.$0(OLS)http://semarc/name/45240 850 $aSeMil 852 $aSeMil$W1$xVenegono$y1$m3T VI 202$j252001$B251544$CSeMilBibl$Z2$F251544 $81 961 $aPerego don Stefano - Omaggio 996 $6020$a88-8290-588-8$9(OLS)http://semarc/number/301680 996 $6245$aLa sapienza degli angeli :$bNonantola e gli scriptoria padani nel Medioevo : Nonantola, Museo benedettino Nonantolano e Diocesano d'arte sacra, 5 aprile 2003 - 20 giugno 2003$9(OLS)http://semarc/title/451050 996 $6264$aModena :$bFranco Cosimo Panini$9(OLS)http://semarc/publisher/32446 LEADER 00476nab a2200133 i 4500 001 000000328895 003 CaOOAMICUS 005 20180831173609.0 008 180831n it uu u0 0ita r 013 $a40527 040 $aSeMil$bita 245 10$aIn cammino con Gesł. Via Crucis vocazionale. - In [rubrica] :$bScaffale. 773 0 $t[MARZO 1993]. - 32 p.$gp.7$w()291451 996 $6245$aIn cammino con Gesł. Via Crucis vocazionale. - In [rubrica] :$bScaffale.$9(OLS)http://semarc/title/417426